Detekcia dezinformácií v oblasti zdravotníctva

Salvato in:
Dettagli Bibliografici
Autore principale: Branný, David (Autore)
Altri autori: Stupavský, Igor (Relatore della tesi)
Natura: Manoscritto Libro
Lingua:slovacco
Pubblicazione: 2022
Soggetti:
Accesso online:http://is.stuba.sk/zp/portal_zp.pl?podrobnosti=153712
Tags: Aggiungi Tag
Nessun Tag, puoi essere il primo ad aggiungerne!!

MARC

LEADER 00000ntm a22000003a 4500
001 stuzp87970
003 SK-STU
005 20220625210608.3
007 ta
008 150427s2015----xo-----f-mn---000-0-slo-d
040 |a STU  |b slo 
041 0 |a slo 
100 1 |a Branný, David  |u 070200  |4 aut  |U FIIT Fakulta informatiky a informačných technológií  |T FIIT Ústav informatiky, informačných systémov a softvérového inžinierstva  |X 96681  |U I200  |Y 179  |7 96681 
242 0 1 |a Detection of disinformation in the healthcare system  |y eng 
245 1 0 |a Detekcia dezinformácií v oblasti zdravotníctva 
260 |c 2022 
650 4 |a strojové učenie  |2 slo 
650 4 |a dezinformácie  |2 slo 
650 4 |a prirodzené spracovanie textu  |2 slo 
650 4 |a disinformation  |2 eng 
650 4 |a natural language processing  |2 eng 
650 4 |a machine learning  |2 eng 
700 1 |a Stupavský, Igor  |u 070200  |k Z3  |4 ths  |U FIIT Fakulta informatiky a informačných technológií  |T FIIT Ústav informatiky, informačných systémov a softvérového inžinierstva  |X 50946  |U I200  |Y 179  |7 50946 
856 4 |u http://is.stuba.sk/zp/portal_zp.pl?podrobnosti=153712